Länder mit vertauschten Positionen #2 - Statistiken

Allgemein
  • Dieses Quiz wurde 93 mal gespielt
  • Das Durchschnittsergebnis liegt bei 7 aus 10
Antworten auf der Karte
Die Antworten werden auf der Karte rot bzw. grün angezeigt, abhängig davon wie oft sie richtig erraten wurden.
 
Antwortstatistiken
Land Tausch % Korrekt
Griechenland Bangladesch
89%
Bangladesch Griechenland
82%
Uganda Nordkorea
81%
Nicaragua Aserbaidschan
80%
Gabun Ecuador
78%
Ecuador Gabun
75%
Nordkorea Uganda
75%
Aserbaidschan Nicaragua
60%
Zypern Jamaika
39%
Jamaika Zypern
33%
Keine übereinstimmenden Quizze gefunden
Verteilung der Resultate
Anzahl Personen mit jedem Resultat
Perzentil nach korrekt beantworteten Fragen
Ihre Resultats-Entwicklung
Sie haben dieses Quiz noch nicht gespielt